000 01209nam a22002897a 4500
003 BD-DhSAU
005 20181212123348.0
008 151103b2014 bg ||||| |||| 001 0 eng d
040 _aBD-DhSAU
082 _222
_a630.2
_bH829
100 _aHossain, Md. Shakhawat
_eRegistration no. # 06-02079
245 _aEffects of combined application of inorganic NIC phosphatic potassic fertilizers and vermicompost on growth yield and nutrient contents of BRRI dhan57 /
_bMS thesis
260 _aSher-e-Bangla Agricultural Uniersity :
_bDepartment of Agricultural Chemistry,
_c2014
300 _aix, 53 p. :
_bill. ;
_c30 cm.
500 _aMS thesis of Department of Agricultural Chemistry , Faculty of Agriculture, Sher-e-Bangla Agricultural University, Dhaka, Bangladesh
590 _aMd. Sirajul Islam
650 _a Agricultural Chemistry
650 _aCombined
650 _aInorganic
650 _aFertilizers
650 _aYield
650 _aBRRI dhan 57
700 _aMazumder, Md. Azizur Rahman
_eSupervisor
700 _aZamil, Sheikh Shawkat
_eCo-Supervisor
856 _uhttp://archive.saulibrary.edu.bd:8080/xmlui/handle/123456789/2000
_yOnline Access
942 _2ddc
_cTHESIS
999 _c13208
_d13207